00369nam a22001337a 450000500170000000800410001704100130005808200130007110000130008424500450009726000370014230000300017965000260020920240425070720.0240425b |||||||| |||| 00| 0 eng d aEnglish  a349 LAW  lEnglish  aThe Law Reports : King's Bench Division  aLondon: bLincoln's Inn, c1910  bxxx, 950 pages; c25 cm.  aLegal practice bLaw